000 01966cam a22002775a 4500
001 L141804
008 071221s2007 xxk af 001 0 eng d
020 _a9780750685030
035 _a(Sirsi) u141804
041 0 _aeng
050 0 4 _a344.410465 $2 18
100 1 _aHughes, Phil
245 0 0 _aIntroduction to health and safety at work
250 _a3rd ed.
260 _aLondon
_bButterworth-Heinemann
_c2007
300 _axxi, 449p.
_bill.
_c30cm.
350 _a39.99
505 2 _aHealth and safety foundations -- Policy -- Organizing for health and safety -- Promoting a positive health and safety culture -- Risk assessment -- Principles of control -- Monitoring, review and audit -- Incident and accident investigation and reporting -- Movement of people and vehicles: hazards and control -- Manual and mechanical handling hazards and control -- Work equipment hazards and control -- Electrical hazards and control -- Hazards and control -- Chemical and biological health hazards and control -- Physical and psychological health hazards and control -- Construction activities: hazards and control -- Summary of the main legal requirements -- International aspects of health and safety -- Study skills -- Specimen answers to NEBOSH examinations
520 _aThis introduction to all areas of occupational safety and health covers the key elements of health and safety management, the legal framework, risk assessment and control standards. The text incorporates changes to relevant regulations, such as the Construction (Design and Management) Regulations 2007, the Control of Asbestos Regulations 2006, and the Regulatory Reform (Fire Safety) Order 2005. Developed in accordance with the NEBOSH (National Examination Board in Occupational Safety and Health) National General Certificate.
521 2 _aIntroductory
590 _aKA
651 4 _aUnited Kingdom
_y
690 _aHealth and safety
_96244
700 1 _aFerrett, Ed
942 _n0
999 _c107775
_d107775